000 00567nam a2200229Ia 4500
003 OSt
005 20221005132426.0
006 a|||||r|||| 00| 0
007 ta
008 221004b |||||||| |||| 00| 0 kan d
024 _a60607
037 _cTextual
040 _aCRL
_cCRL
_bkan
041 _2kan
_akan
082 _aO33,3N13:g, L2
100 _aAnnarao Mirji Ed.
_9641117
245 0 _aTimmayana
260 _c1972
650 _aKANNAD FICTION
942 _hO33,3N13:g, L2
_cTEXL
_2cc
999 _c1063622
_d1063622